<?xml version="1.0" encoding="UTF-8"?>
<record
    xmlns:xsi="http://www.w3.org/2001/XMLSchema-instance"
    xsi:schemaLocation="http://www.loc.gov/MARC21/slim http://www.loc.gov/standards/marcxml/schema/MARC21slim.xsd"
    xmlns="http://www.loc.gov/MARC21/slim">

  <leader>04510nam a2200397 a 4500</leader>
  <controlfield tag="003">CHAP</controlfield>
  <controlfield tag="005">20250123132146.0</controlfield>
  <controlfield tag="007">ta</controlfield>
  <controlfield tag="008">250123s2024    mx bdeofom||| 001 0 spa d</controlfield>
  <datafield tag="040" ind1=" " ind2=" ">
    <subfield code="e">rda</subfield>
  </datafield>
  <datafield tag="041" ind1=" " ind2=" ">
    <subfield code="a">spa</subfield>
    <subfield code="b">eng</subfield>
  </datafield>
  <datafield tag="100" ind1="1" ind2=" ">
    <subfield code="a">Hern&#xE1;ndez Melchor, Felipe</subfield>
    <subfield code="9">189461</subfield>
  </datafield>
  <datafield tag="240" ind1="1" ind2="0">
    <subfield code="a">Thecnical-economic feasibility study of a craft beer production plant in municipality of Texcoco de Mora, state of Mexico.</subfield>
    <subfield code="l">Espa&#xF1;ol</subfield>
  </datafield>
  <datafield tag="245" ind1="1" ind2="0">
    <subfield code="a">Estudio de factibilidad t&#xE9;cnico econ&#xF3;mico de una planta de producci&#xF3;n de cerveza artesanal en el municipio de Texcoco de Mora, estado de M&#xE9;xico /</subfield>
    <subfield code="c">Felipe Hern&#xE1;ndez Melchor y Cristian Ariel Olvera Dom&#xED;nguez</subfield>
  </datafield>
  <datafield tag="264" ind1=" " ind2=" ">
    <subfield code="a">Chapingo, M&#xE9;xico :</subfield>
    <subfield code="b">El autor,</subfield>
    <subfield code="c">2024</subfield>
  </datafield>
  <datafield tag="300" ind1=" " ind2=" ">
    <subfield code="a">1 recurso en l&#xED;nea ( xii, 104 p&#xE1;ginas) :</subfield>
    <subfield code="b">ilustraciones, tablas, gr&#xE1;ficas, mapas, planos, fotograf&#xED;as</subfield>
  </datafield>
  <datafield tag="336" ind1=" " ind2=" ">
    <subfield code="2">rdacontent</subfield>
    <subfield code="a">texto</subfield>
    <subfield code="b">txt</subfield>
  </datafield>
  <datafield tag="337" ind1=" " ind2=" ">
    <subfield code="2">rdamedia</subfield>
    <subfield code="a">computadora</subfield>
    <subfield code="b">c</subfield>
  </datafield>
  <datafield tag="338" ind1=" " ind2=" ">
    <subfield code="2">rdacarrier</subfield>
    <subfield code="a">recurso en l&#xED;nea</subfield>
    <subfield code="b">cr</subfield>
  </datafield>
  <datafield tag="502" ind1=" " ind2=" ">
    <subfield code="a">Formulaci&#xF3;n y Evaluaci&#xF3;n de Proyectos</subfield>
    <subfield code="b">IA</subfield>
    <subfield code="c">Agroindustrias</subfield>
    <subfield code="d">2024</subfield>
    <subfield code="g">LIC</subfield>
  </datafield>
  <datafield tag="504" ind1=" " ind2=" ">
    <subfield code="a">Bibliograf&#xED;a : p&#xE1;ginas 100-105</subfield>
  </datafield>
  <datafield tag="520" ind1="3" ind2=" ">
    <subfield code="a">El presente trabajo se realiz&#xF3; con la b&#xFA;squeda de proveedores de materia prima e insumos, encuesta a consumidores e identificaci&#xF3;n de la competencia actual para un estudio de factibilidad t&#xE9;cnico y econ&#xF3;mico de una planta de producci&#xF3;n de cerveza artesanal en el Municipio de Texcoco. En los resultados, se defini&#xF3; una producci&#xF3;n de 24,000 litros anuales de cerveza con un precio de venta de $55.00 la cerveza. Se requiere una inversi&#xF3;n inicial de $1,089,386.00, donde un 34% ser&#xE1; aportaci&#xF3;n de los socios y el 66% de financiamiento externo. El an&#xE1;lisis econ&#xF3;mico se realiz&#xF3; a 10 a&#xF1;os, los indicadores econ&#xF3;micos obtenidos fueron un Valor Presente Neto de $2,075,014.00, una Tasa Interna de Rentabilidad del 61% y una Relaci&#xF3;n Beneficio-Costo de 1.65. Estos datos se realizaron considerando una Tasa M&#xED;nima Aceptable de Rendimiento de 20%. Adicional se realiz&#xF3; un an&#xE1;lisis de sensibilidad para determinar la capacidad de reducir los ingresos y aumentar los costos de producci&#xF3;n, suponiendo que uno de los factores varia mientras en otro se mantiene, podemos aumentar hasta un 50% los costos de producci&#xF3;n y los ingresos se pueden reducir hasta un 25% antes de tener perdidas. Considerando la informaci&#xF3;n recabada y con los indicadores econ&#xF3;micos se define que el proyecto cuenta con viabilidad t&#xE9;cnica y econom&#xED;a.</subfield>
  </datafield>
  <datafield tag="520" ind1="3" ind2=" ">
    <subfield code="a">The present work proposes the technical and economic feasibility study of installing a craft beer production plant in the Municipality of Texcoco, for the work a search for suppliers of raw materials and inputs, a survey of consumers and identification of current competition was carried out. The results are presented in the document, a production of 24,000 liters of beer per year was defined, the sales price of the beer will be $55.00. An initial investment of $1,089,386.00 is required, where 34% will be a contribution from the partners and 66% from external financing. The economic analysis was carried out over 10 years, the economic indicators obtained were a Net Present Value of $2,075,014.00, an Internal Rate of Profitability of 61% and a Benefit- Cost Ratio of 1.65. These data were made considering a Minimum Acceptable Rate of Return of 20%. Additionally, a sensitivity analysis was carried out to determine the ability to reduce income and increase production costs, assuming that one of the factors varies while the other remains the same, we can increase production costs by up to 50% and income can be reduced. reduce up to 25% before having losses. Considering the information collected and the economic indicators, it is defined that the project has technical feasibility and economy.</subfield>
  </datafield>
  <datafield tag="650" ind1="1" ind2="3">
    <subfield code="a">Cervezas  </subfield>
    <subfield code="2">atg</subfield>
    <subfield code="9">149283</subfield>
  </datafield>
  <datafield tag="650" ind1="1" ind2="3">
    <subfield code="a">Industria cervecera</subfield>
    <subfield code="z">M&#xE9;xico  </subfield>
    <subfield code="2">atg</subfield>
    <subfield code="9">149284</subfield>
  </datafield>
  <datafield tag="650" ind1="1" ind2="3">
    <subfield code="a">Elaboraci&#xF3;n de cerveza  </subfield>
    <subfield code="2">atg</subfield>
    <subfield code="9">154862</subfield>
  </datafield>
  <datafield tag="650" ind1="1" ind2="3">
    <subfield code="a">Beers  </subfield>
    <subfield code="2">atg</subfield>
    <subfield code="9">149281</subfield>
  </datafield>
  <datafield tag="650" ind1="1" ind2="3">
    <subfield code="a">Brewing industry</subfield>
    <subfield code="z">M&#xE9;xico  </subfield>
    <subfield code="2">atg</subfield>
    <subfield code="9">149282</subfield>
  </datafield>
  <datafield tag="650" ind1="1" ind2="3">
    <subfield code="a">Brewing  </subfield>
    <subfield code="2">atg</subfield>
    <subfield code="9">154861</subfield>
  </datafield>
  <datafield tag="700" ind1="1" ind2=" ">
    <subfield code="a">Olvera Dom&#xED;nguez, Cristian Ariel</subfield>
    <subfield code="9">189462</subfield>
    <subfield code="e">autor</subfield>
  </datafield>
  <datafield tag="700" ind1="1" ind2=" ">
    <subfield code="a">Espejel Zaragoza, Jos&#xE9; Alfredo</subfield>
    <subfield code="9">151219</subfield>
    <subfield code="e">director</subfield>
  </datafield>
  <datafield tag="700" ind1="1" ind2=" ">
    <subfield code="a">Ram&#xED;rez Sep&#xFA;lveda, Marco Favio</subfield>
    <subfield code="9">150304</subfield>
    <subfield code="e">asesor</subfield>
  </datafield>
  <datafield tag="700" ind1="1" ind2=" ">
    <subfield code="a">Esquivel Arriaga, Oscar</subfield>
    <subfield code="9">38149</subfield>
    <subfield code="e">asesor</subfield>
  </datafield>
  <datafield tag="856" ind1="4" ind2="0">
    <subfield code="y">DESCARGAR PDF</subfield>
    <subfield code="u">http://10.13.5.2/tesis/tl/1411110-9_Y_1411813-2_HERNANDEZ_MELCHOR_FELIPE_Y_OLVERA_DOMINGUEZ_CRISTIANARIEL.pdf</subfield>
  </datafield>
  <datafield tag="942" ind1=" " ind2=" ">
    <subfield code="2">Clasificaci&#xF3;n Universidad Aut&#xF3;noma Chapingo</subfield>
    <subfield code="c">TD</subfield>
  </datafield>
  <datafield tag="999" ind1=" " ind2=" ">
    <subfield code="c">220363</subfield>
    <subfield code="d">220363</subfield>
  </datafield>
  <datafield tag="952" ind1=" " ind2=" ">
    <subfield code="0">0</subfield>
    <subfield code="1">0</subfield>
    <subfield code="2">local</subfield>
    <subfield code="4">0</subfield>
    <subfield code="7">0</subfield>
    <subfield code="8">TesDigL</subfield>
    <subfield code="a">IA_</subfield>
    <subfield code="b">IA_</subfield>
    <subfield code="c">E_L</subfield>
    <subfield code="d">2025-01-23</subfield>
    <subfield code="e">El autor</subfield>
    <subfield code="l">0</subfield>
    <subfield code="p">1201015169</subfield>
    <subfield code="r">2025-01-23 13:18:49</subfield>
    <subfield code="w">2025-01-23</subfield>
    <subfield code="y">TD</subfield>
  </datafield>
</record>
